[Event "LUX-ch U18"]
[Site "Bonnevoie"]
[Date "2000.02.26"]
[Round "1"]
[White "Vael, Tim"]
[Black "Pflaum, Pascal"]
[Result "0-1"]
[WhiteElo "1350"]
[BlackElo "1600"]
[PlyCount "44"]
[EventDate "2000.02.26"]
[EventType "swiss"]
[EventRounds "7"]
[EventCountry "LUX"]
[SourceTitle "EXT 2005"]
[Source "ChessBase"]
[SourceDate "2004.11.15"]
[SourceVersion "1"]
[SourceVersionDate "2004.11.15"]
[SourceQuality "1"]

1. e4 c5 2. Na3 Nc6 3. Bb5 Qc7 4. Nf3 a6 5. 0-0 axb5 6. Nxb5 Qa5 7. c4 Nf6 8. Re1 e6 9. Re3 d5 10. cxd5 Qxb5 11. Qb3 Qxb3 12. axb3 Rxa1 13. Kf1 Rxc1+ 14. Ke2 Nd4+ 15. Nxd4 cxd4 16. Rd3 e5 17. Rc3 dxc3 18. bxc3 Nxe4 19. Ke3 Re1+ 20. Kd3 Nxf2+ 21. Kc4 Bd7 22. d4 b5# 0-1